[Event "Remote email"]
[Site "Remote email"]
[Date "2013.04.29"]
[Round "?"]
[White "Klein, Werner"]
[Black "Wasmer, Ernst"]
[Result "1/2-1/2"]
[WhiteElo "1730"]
[BlackElo "1817"]
[PlyCount "89"]
[EventDate "2013.??.??"]
[EventType "tourn (corr)"]
[EventRounds "6"]
[EventCountry "GER"]
[SourceTitle "Corr 2015"]
[Source "ChessBase"]
[SourceDate "2015.07.17"]
[SourceVersion "1"]
[SourceVersionDate "2015.07.17"]
[SourceQuality "1"]

1. e4 c5 2. Nc3 Nc6 3. g3 e6 4. Bg2 Bd6 5. Nf3 Nf6 6. 0-0 0-0 7. d4 cxd4 8. Nxd4 e5 9. Nf5 Bc7 10. Qg4 Na5 11. Qd1 Nc6 12. Qe2 d6 13. Nb5 Ne7 14. Nxe7+ Qxe7 15. Bg5 Bb8 16. Rad1 a6 17. Nc3 Qe6 18. Bxf6 Qxf6 19. Nd5 Qe6 20. Nb6 Ra7 21. b3 Bc7 22. Nd5 b5 23. c4 bxc4 24. Qxc4 Bd8 25. a4 Bb7 26. b4 Bxd5 27. Rxd5 Bb6 28. Kh1 Rc8 29. Qd3 Bd4 30. f4 Rc3 31. Qe2 f6 32. Rb1 Qd7 33. b5 axb5 34. axb5 Rb7 35. Qa2 Kf8 36. Qa8+ Kf7 37. Qa6 Rb6 38. Qa2 Ke7 39. Qe2 Qc7 40. h4 Rc1+ 41. Rxc1 Qxc1+ 42. Qf1 Qc3 43. g4 Qg3 44. Qc1 Qxh4+ 45. Bh3 1/2-1/2

[Event "Remote email"]
[Site "Remote email"]
[Date "2013.04.06"]
[Round "?"]
[White "Wasmer, Ernst"]
[Black "Klein, Werner"]
[Result "0-1"]
[WhiteElo "1817"]
[BlackElo "1730"]
[PlyCount "74"]
[EventDate "2013.??.??"]
[EventType "tourn (corr)"]
[EventRounds "6"]
[EventCountry "GER"]
[SourceTitle "Corr 2015"]
[Source "ChessBase"]
[SourceDate "2015.07.17"]
[SourceVersion "1"]
[SourceVersionDate "2015.07.17"]
[SourceQuality "1"]

1. e4 c5 2. Nf3 d6 3. d4 Nf6 4. Nc3 cxd4 5. Nxd4 e5 6. Bb5+ Bd7 7. Bxd7+ Nbxd7 8. Nf5 Nc5 9. f3 Be7 10. Nxg7+ Kd7 11. 0-0 Rg8 12. Nf5 Qb6 13. Kh1 Rg6 14. Be3 Qxb2 15. Nd5 Nxd5 16. exd5 Rc8 17. Nxe7 Kxe7 18. Bxc5 Rxc5 19. Rf2 Rxd5 20. Qc1 Qxc1+ 21. Rxc1 Ra5 22. c3 Rc5 23. h3 d5 24. a4 Rgc6 25. Rfc2 f5 26. Kg1 d4 27. c4 d3 28. Rd2 e4 29. fxe4 fxe4 30. Kf2 Rxc4 31. Rxc4 Rxc4 32. a5 Ke6 33. Ke3 Ke5 34. Rb2 Rd4 35. Rb5+ Rd5 36. Rxd5+ Kxd5 37. g4 Ke5 0-1

[Event "Remote email"]
[Site "Remote email"]
[Date "2013.03.07"]
[Round "?"]
[White "Wasmer, Ernst"]
[Black "Witt, Monika"]
[Result "0-1"]
[WhiteElo "1765"]
[BlackElo "1495"]
[PlyCount "102"]
[EventDate "2013.??.??"]
[EventType "tourn (corr)"]
[EventRounds "6"]
[EventCountry "GER"]
[SourceTitle "Corr 2015"]
[Source "ChessBase"]
[SourceDate "2015.07.17"]
[SourceVersion "1"]
[SourceVersionDate "2015.07.17"]
[SourceQuality "1"]

1. e4 e5 2. Nf3 Nc6 3. Bb5 h6 4. 0-0 a6 5. Bxc6 dxc6 6. d3 f6 7. Nbd2 Be6 8. Nh4 Ne7 9. Qf3 Qd4 10. c3 Qd6 11. Qg3 0-0-0 12. d4 g5 13. Nhf3 Ng6 14. h3 Nf4 15. Re1 Nd3 16. Re3 Nf4 17. Nf1 Nh5 18. Qh2 Kb8 19. Ng3 Nxg3 20. Qxg3 Bg7 21. Nh2 h5 22. f3 h4 23. Qe1 c5 24. d5 Bd7 25. c4 Rdf8 26. Rd3 c6 27. Be3 Bh6 28. Qa5 Qc7 29. Rb3 Qxa5 30. a4 f5 31. Rd3 Rhg8 32. Bd2 Qd8 33. a5 fxe4 34. fxe4 Rf6 35. Rb3 b5 36. cxb5 cxb5 37. Nf3 Qc7 38. Bc3 c4 39. Rba3 g4 40. Bxe5 Rd6 41. Bxd6 Qxd6 42. hxg4 Rxg4 43. Kf2 Qg3+ 44. Ke2 Qxg2+ 45. Kd1 Qf1+ 46. Kc2 Qe2+ 47. Kb1 Rg3 48. Nd4 Qxe4+ 49. Nc2 Rg1+ 50. Ka2 Rxa1+ 51. Nxa1 b4 0-1